| 000 | 00000nam 2200000za 4500 |
| 001 | 9.816996 |
| 003 | CaOODSP |
| 005 | 20221107142356 |
| 007 | cr ||||||||||| |
| 008 | 160505s2012 xxc |o f|0| 0 eng d |
| 040 | |aCaOODSP|beng |
| 043 | |an-cn--- |
| 086 | 1 |aPE2-13/2012E-PDF |
| 110 | 1 |aCanada.|bPublic Servants Disclosure Protection Tribunal Canada. |
| 245 | 10|aClient Consultation Committee terms of reference |h[electronic resource]. |
| 260 | |a[Ottawa] : |bPublic Servants Disclosure Protection Tribunal Canada, |c2012. |
| 300 | |a4 p. |
| 500 | |aJune 2012. |
| 500 | |aIssued also in French under title: Comité de consultation des clients mandat. |
| 692 | 07|2gccst|aMethodology |
| 775 | 08|tComité de consultation des clients mandat |w(CaOODSP)9.816997 |
| 856 | 40|qPDF|s309 KB|uhttps://publications.gc.ca/collections/collection_2016/tpfdc-psdptc/PE2-13-2012-eng.pdf |